2. Uluslararası Türk kültür evreninde Alevilik ve Bektaşilik bilgi şöleni bildiri kitabı (Record no. 3660)

MARC details
000 -BAŞLIK
Sabit Uzunlukta Kontrol Alanı 00998na a2200277 4500
001 - KONTROL NUMARASI
Denetim Alanı 12817
003 - KONTROL NUMARASI IDENTIFIER
Denetim Alanı MIRAKIL
005 - SON İŞLEM TARİHİ VE ZAMANI
Denetim Alanı 20181213154939.0
008 - SABİT-BOY VERİ ELEMANLARI - GENEL BİLGİLER
Sabit Uzunlukta Kontrol Alanı 160927b tu 000 0
020 ## - ULUSLARARASI STANDART KİTAP NUMARASI
Uluslararası Standart Kitap Numarası 9789755072203
035 ## - SİSTEM KONTROL NUMARASI
Sistem Kontrol Numarası 12817
040 ## - KATALOGLAMA KAYNAK
Orijinal Kataloglama Ajansı Milas
Kataloglama Dili tur
Metne Dönüştürmek Ajansı TR-AnCHP
082 ## - DEWEY ONLU SINIFLANDIRMA NUMARASI
Sınıflandırma Numarası 297.89435
Ürün Numarası U48i 2007
090 ## - SINIFLAMA NUMARASI
Sınıflama Numarası 297.89435 U48i 2007
111 ## - ANA GİRİŞ - TOPLANTI ADI
Giriş Elemanı Olarak Toplantı Adı Veya Yargı Alanı Adı Uluslararası Türk Kültür Evreninde Alevilik ve Bektaşilik Bilgi Şöleni
Toplantının Yeri Ankara
Toplantı Veya Antlaşma İmzalandığı Tarihi 2007
Bölüm / Bölüm / Toplantı Sayısı 2.
245 ## - BAŞLIK TABLOSU
Başlık 2. Uluslararası Türk kültür evreninde Alevilik ve Bektaşilik bilgi şöleni bildiri kitabı
Sorumluluk Tablosu, Vb Editörler Filiz Kılıç, Tuncay Bülbül
260 ## - YAYIN, DAĞITIM, VB
Yayın, Dağıtım, Vb Yeri Ankara
Yayıncı, Dağıtıcı, Vs Adı Gazi Üniversitesi Türk Kültürü ve Hacı Bektaş Veli Araştırma Merkezi
Yayın, Dağıtım, Vb Tarihi 2007
300 ## - FİZİKSEL TANIM
Kapsam 2 c.
Diğer Fiziksel Ayrıntıları res.
Boyutlar 24 sm.
490 ## - SERİSİ TABLOSU
Seri Beyanı Araştırma dizisi
Hacim / Ardışık Tanımı 5
650 ## - KONU KATMA GİRİŞ - TOPİKAL DÖNEM
Topikal Süreli Veya Coğrafi Ad Giriş Elemanı Alevi kültürü
Genel Alt Bölümü Anadolu
650 ## - KONU KATMA GİRİŞ - TOPİKAL DÖNEM
Topikal Süreli Veya Coğrafi Ad Giriş Elemanı Bektaşilik
Genel Alt Bölümü Toplantılar
650 ## - KONU KATMA GİRİŞ - TOPİKAL DÖNEM
Topikal Süreli Veya Coğrafi Ad Giriş Elemanı Alevilik
Genel Alt Bölümü Toplantılar
700 ## - KATMA GİRİŞ - KİŞİSEL İSİM
Kişisel Ad Bülbül, Tuncay
700 ## - KATMA GİRİŞ - KİŞİSEL İSİM
Kişisel Ad Kılıç, Filiz
942 ## - EKLENDİ GİRİŞ ELEMANLARI (KOHA)
Sınıflandırma Veya Raf Düzeni Kaynak Dewey Decimal Classification
Koha Öğesi Türü Books
999 ## - SİSTEM KONTROL NUMARALARI (KOHA)
Koha Biblionumber 3660
Koha Biblioitemnumber 3660
Holdings
Kalıcı Konum Mevcut Konum Edinme Tarihi Edinim Kaynak Toplam Check-Out'Lar Tam Çağrı Numarası Barkod Tarih Son Görülme İtibaren Geçerli Fiyatlar Koha Öğesi Türü
CHP Kütüphanesi CHP Kütüphanesi 08/02/2016 Bağış   297.89435 U48i 2007 000559 08/02/2016 08/02/2016 Books
CHP Kütüphanesi CHP Kütüphanesi 08/02/2016 Bağış   297.89435 U48i 2007 000560 08/02/2016 08/02/2016 Books